<?xml version="1.0" encoding="UTF-8"?>
<record
    xmlns:xsi="http://www.w3.org/2001/XMLSchema-instance"
    xsi:schemaLocation="http://www.loc.gov/MARC21/slim http://www.loc.gov/standards/marcxml/schema/MARC21slim.xsd"
    xmlns="http://www.loc.gov/MARC21/slim">

  <leader>00559nam a2200193 a 4500</leader>
  <controlfield tag="005">20140310183431.0</controlfield>
  <controlfield tag="008">080109s19uu    xx            00    eng d</controlfield>
  <datafield tag="020" ind1=" " ind2=" ">
    <subfield code="a">9780071265287</subfield>
  </datafield>
  <datafield tag="050" ind1=" " ind2=" ">
    <subfield code="a">HD 58.7 </subfield>
    <subfield code="b">.M478 2009</subfield>
  </datafield>
  <datafield tag="100" ind1=" " ind2=" ">
    <subfield code="a">McShane, Steven L.</subfield>
  </datafield>
  <datafield tag="245" ind1=" " ind2=" ">
    <subfield code="a">Organizational behavior :</subfield>
    <subfield code="b">(essentials).</subfield>
    <subfield code="c">Mary Ann Von Glinow</subfield>
  </datafield>
  <datafield tag="260" ind1=" " ind2=" ">
    <subfield code="a">U.S.A :</subfield>
    <subfield code="b">McGraw-Hill,</subfield>
    <subfield code="c">2009.</subfield>
  </datafield>
  <datafield tag="300" ind1=" " ind2=" ">
    <subfield code="a">398 p. :</subfield>
    <subfield code="b">col. ill. ;</subfield>
    <subfield code="c">25 cm.</subfield>
  </datafield>
  <datafield tag="521" ind1=" " ind2=" ">
    <subfield code="a">BSBA</subfield>
  </datafield>
  <datafield tag="650" ind1=" " ind2=" ">
    <subfield code="a">Organizational behavior.</subfield>
  </datafield>
  <datafield tag="700" ind1=" " ind2=" ">
    <subfield code="a">Glinow, Mary Ann Von</subfield>
  </datafield>
  <datafield tag="942" ind1=" " ind2=" ">
    <subfield code="c">BK</subfield>
    <subfield code="2">lcc</subfield>
    <subfield code="k">FOR</subfield>
  </datafield>
  <datafield tag="999" ind1=" " ind2=" ">
    <subfield code="c">22743</subfield>
    <subfield code="d">22743</subfield>
  </datafield>
  <datafield tag="952" ind1=" " ind2=" ">
    <subfield code="0">0</subfield>
    <subfield code="1">0</subfield>
    <subfield code="2">lcc</subfield>
    <subfield code="4">0</subfield>
    <subfield code="a">CL</subfield>
    <subfield code="b">CL</subfield>
    <subfield code="c">GC</subfield>
    <subfield code="d">2013-12-10</subfield>
    <subfield code="l">1</subfield>
    <subfield code="o">HD 58.7  .M478 2009</subfield>
    <subfield code="p">C15220</subfield>
    <subfield code="r">2018-05-15 00:00:00</subfield>
    <subfield code="s">2015-02-26</subfield>
    <subfield code="t">1</subfield>
    <subfield code="w">2013-12-10</subfield>
    <subfield code="y">BK</subfield>
  </datafield>
  <datafield tag="952" ind1=" " ind2=" ">
    <subfield code="0">0</subfield>
    <subfield code="1">0</subfield>
    <subfield code="2">lcc</subfield>
    <subfield code="4">0</subfield>
    <subfield code="a">CL</subfield>
    <subfield code="b">CL</subfield>
    <subfield code="c">GC</subfield>
    <subfield code="d">2025-03-17</subfield>
    <subfield code="e">DONATION</subfield>
    <subfield code="k">GC</subfield>
    <subfield code="l">0</subfield>
    <subfield code="o">HD 58.7  .M478 2009</subfield>
    <subfield code="p">C13135</subfield>
    <subfield code="r">2025-03-17 00:00:00</subfield>
    <subfield code="w">2025-03-17</subfield>
    <subfield code="y">BK</subfield>
    <subfield code="z">Lost and replaced by: Abillar, Jhona</subfield>
  </datafield>
</record>
